Personnage Disney/Pixar ou Dreamworks - Statistiques

Statistiques générales
  • Ce quiz a été pris 320 fois
  • Le résultat moyen est 9 sur 12
Statistiques - réponses
Par images Réponse % Correct
Dumbo
98%
Fiona
98%
Tristesse
95%
Mufasa
94%
Gepetto
85%
Kuzco
80%
Po
78%
Megamind
74%
ZigZag
72%
Harold
64%
Gloria
62%
Vanessa Bloome
2%
Aucun quiz correspondant
Distribution des résultats
% des personnes avec chaque résultat
Percentile par nombre de réponses
Votre historique - résultats
Vous n’avez pas pris ce quiz